Tendencias actuales de la literatura infantil

Guardado en:
Bibliografiske detaljer
Hovedforfatter: Rojas Porras, Marta Eugenia
Format: Ukendt
Udgivet: San José, Costa Rica : Editorial de la Universidad de Costa Rica,
Fag:
Tags: Tilføj Tag
Ingen Tags, Vær først til at tagge denne postø!

MARC

LEADER 000000000a22000000004500
001 000073
022 |a 0379-7082 
100 1 |a Rojas Porras, Marta Eugenia 
245 1 0 |a Tendencias actuales de la literatura infantil 
260 |a San José, Costa Rica :   |b Editorial de la Universidad de Costa Rica, 
310 |a semestral 
650 4 |a LITERATURA INFANTIL 
773 0 |t Educación: Revista de la Universidad de Costa Rica 
773 0 |g 14 
773 0 |g 2 
773 0 |g 1990 
773 0 |g 81-88 
999 |c 822  |d 822